000
00294nam a22001337a 4500
008
180309b xxu||||| |||| 00| 0 eng d
020
_a
0131101633
041
_a
eng
080
_a
004
100
_a
28
101
_a
SHK
245
_a
The programming language
_c
Kernighan,B.W
942
_2
udc
_c
BK
999
_c
44625
_d
44625